=LDR 00000nam 2200000 4500 =001 INLIS000000000047755 =005 20160216083415.0 =006 =007 =008 =020 ##$$a 3.596.21958-2 =035 ##$$0010-021600000000143 =082 ##$$a 833 =090 ##$$a 833 $bMar k =100 ##$$a Marder, Eva =245 ##$$a kindergeschichten aus England / Eva Marder =250 ##$$a Cet. 1 =260 ##$$a Munchen$bFischer Taschebucher Verleg$c1977 =300 ##$$a 112 hlm. : ilus. ; 18 cm =650 ##$$a Fiksi Jerman =850 ##$$a NBPDMAT =990 ##$$a 31500714 =990 ##$$a 31500714/BPAP-NTB/2016